000 00355nam a2200145Ia 4500
008 230917s9999||||xx |||||||||||||| ||und||
040 _e41600
_aMAIN
041 _aEnglish
082 _a942 C771B
100 _aCook, Chris
245 0 _aBritish historical facts 1760-1830
260 _aLondon
_bMacmillan
_c1980
300 _aviii, 197 p.
942 _cBK
999 _c212326
_d212326